Phương pháp tính giới hạn dãy số hàm số và các dạng toán liên quan
Lý thuyết giới hạn dãy số, hàm số. Phương pháp tính giới hạn dãy số hàm số. Các dạng toán liên quan
Tallennettuna:
| Päätekijä: | |
|---|---|
| Muut tekijät: | |
| Aineistotyyppi: | Kirja |
| Kieli: | Vietnamese |
| Julkaistu: |
Đà Nẵng
Đại học Đà Nẵng
2015
|
| Aiheet: | |
| Tagit: |
Lisää tagi
Ei tageja, Lisää ensimmäinen tagi!
|
| Thư viện lưu trữ: | Mạng thư viện Đại học Đà Nẵng |
|---|
| LEADER | 01590nam a2200349 4500 | ||
|---|---|---|---|
| 001 | 000020219 | ||
| 003 | 16664 | ||
| 005 | 20150317140309.0 | ||
| 008 | 150310s2015 viesd | ||
| 041 | |a vie | ||
| 082 | 1 | 4 | |a 515.222 |b NG-V |
| 100 | 1 | |a Nguyễn Mai Vi | |
| 245 | 1 | |a Phương pháp tính giới hạn dãy số hàm số và các dạng toán liên quan |c Nguyễn Mai Vi ; Lê Hoàng Trí hướng dẫn. |k Luận văn Thạc sĩ | |
| 260 | |a Đà Nẵng |b Đại học Đà Nẵng |c 2015 | ||
| 300 | |a 95 tr., phụ lục 3 tr. |c 29 cm. |e Tóm tắt | ||
| 500 | |a Luận văn thạc sĩ Khoa học. Chuyên ngành: Phương pháp toán sơ cấp. Mã số: 60.46.40. | ||
| 520 | 1 | |a Lý thuyết giới hạn dãy số, hàm số. Phương pháp tính giới hạn dãy số hàm số. Các dạng toán liên quan | |
| 650 | 0 | 4 | |a Hàm số (toán học) |v Luận văn tốt nghiệp |x Phương pháp tính giới hạn |
| 653 | |a Phương pháp toán sơ cấp | ||
| 653 | |a Phương pháp tính giới hạn | ||
| 653 | |a Hàm số (toán học) | ||
| 700 | 1 | |a Lê Hoàng Trí |c TS. |e Hướng dẫn | |
| OWN | |a LSP | ||
| AVA | |a UDN50 |b LSP |d 515.222 NG-V |e available |t Error 5001 Not defined in file expand_doc_bib_avail. |f 1 |g 0 |h N |i 0 |k 1 | ||
| 999 | |a From the UDN01 | ||
| AVA | |a UDN50 |b LSP |d 515.222 NG-V |e available |t Error 5001 Not defined in file expand_doc_bib_avail. |f 1 |g 0 |h N |i 0 |k 1 | ||
| TYP | |a Monograph | ||
| TYP | |a Printed language | ||
| 980 | |a Mạng thư viện Đại học Đà Nẵng | ||